Movies Quiz

Random Movies or Blitz Quiz

Star Wars Name Chain 2 Minute Blitz Quiz Stats

 Plays Quiz not verified by Sporcle

Score 0/25 Timer 02:00
0 Plays Today
Hint Character % Correct
????
100%
????
88.2%
????
83.9%
????
79.6%
????
79.6%
????
68.8%
????
64.5%
????
61.3%
????
60.2%
????
55.9%
????
48.4%
????
40.9%
????
37.6%
Hint Character % Correct
????
36.6%
????
35.5%
????
24.7%
????
23.7%
????
20.4%
????
20.4%
????
19.4%
????
15.1%
????
15.1%
????
8.6%
????
7.5%
????
7.5%

You're not logged in!

Compare scores with friends on all Sporcle quizzes.
OR
Log In

Sporcle TV

Today on Sporcle TV


Watch our educational content, quiz creation guides, and fun videos on Sporcle TV.

Show Comments

Extras

Top Quizzes Today


Score Distribution

Your Account Isn't Verified!

In order to create a playlist on Sporcle, you need to verify the email address you used during registration. Go to your Sporcle Settings to finish the process.

Report this User

Report this user for behavior that violates our Community Guidelines.

Details: